[Event "III Open"]
[Site "Palma de Mallorca ESP"]
[Date "2008.12.10"]
[Round "5"]
[White "Libiszewski,F"]
[Black "Sanchez Guirado,F"]
[Result "1-0"]
[WhiteElo "2487"]
[BlackElo "2415"]

1.e4 g6 2.d4 Bg7 3.Nc3 d6 4.Be3 a6 5.f4 b5 6.Bd3 Bb7 7.Nf3 Nd7 8.e5 e6 9.Ne4 Nh6
10.Bf2 Qb8 11.h3 f6 12.Qe2 O-O 13.O-O-O fxe5 14.fxe5 dxe5 15.dxe5 Nxe5 16.Nxe5 Bxe5
17.Nc5 Bg7 18.Nxb7 Qxb7 19.Qxe6+ Kh8 20.Be4 Qc8 21.Qxc8 Raxc8 22.Bc5 Rf4
23.Bf3 Nf5 24.Rd7 Rc4 25.Bf2 Nd4 26.Bd1 Nc6 27.Re1 Ne5 28.Rd5 Nc6 29.Kb1 Bf6
30.b3 Rf4 31.Bg3 Rd4 32.Rc5 Ne7 33.Bg4 Rcd8 34.Bxc7 R8d5 35.Be5 Bxe5 36.Rxe5 Rxe5
37.Rxe5 Nd5 38.Bf3 Nc3+ 39.Kb2 b4 40.a3 Nb5 41.axb4 Rxb4 42.Re4 Nd4 43.Kc3  1-0

[Event "III Open"]
[Site "Palma de Mallorca ESP"]
[Date "2008.12.10"]
[Round "5"]
[White "Sanchez,Lo"]
[Black "Lechado Artigues,P"]
[Result "1-0"]
[WhiteElo "2251"]
[BlackElo "2021"]

1.e4 g6 2.d4 Bg7 3.Nc3 d6 4.Be3 c6 5.Qd2 Nd7 6.Nf3 a6 7.a4 b6 8.Bc4 e6 9.O-O d5
10.exd5 cxd5 11.Bd3 Ne7 12.Bh6 O-O 13.Rfe1 Nc6 14.Nd1 Bb7 15.c3 Na5 16.Bxg7 Kxg7
17.Qf4 Rc8 18.Ne3 h5 19.Ng5 Qf6 20.Qg3 e5 21.dxe5 Nxe5 22.Nf5+ gxf5 23.Rxe5 h4
24.Qf4 Rc4 25.Bxc4 dxc4 26.Rxf5 Qg6 27.Rd1 Kg8 28.Nf3 f6 29.Nxh4  1-0

[Event "TCh-ISR 2008-9"]
[Site "Israel ISR"]
[Date "2008.12.12"]
[Round "1"]
[White "Paz,May"]
[Black "Chernomordik,P"]
[Result "1/2-1/2"]
[WhiteElo "2311"]
[BlackElo "2302"]

1.Nc3 g6 2.e4 Bg7 3.d4 d6 4.f4 a6 5.Nf3 b5 6.Bd3 Nd7 7.Ne2 c5 8.c3 Bb7 9.O-O Qc7
10.Ng3 Qb6 11.Be3 Ngf6 12.Kh1 O-O 13.Qe2 Qc7 14.Rae1 e5  1/2-1/2

[Event "TCh-SLO"]
[Site "Murska Sobota SLO"]
[Date "2008.12.12"]
[Round "7"]
[White "Bajt,I"]
[Black "Navinsek,T"]
[Result "0-1"]
[WhiteElo "2200"]
[BlackElo "2304"]

1.e4 g6 2.d4 Bg7 3.Nc3 d6 4.g3 Nf6 5.Bg2 O-O 6.Nge2 Nbd7 7.h3 c5 8.Be3 Qc7
9.O-O Rb8 10.dxc5 Nxc5 11.e5 dxe5 12.Nb5 Qa5 13.Bxc5 Qxb5 14.Bxe7 Re8 15.Ba3 Be6
16.b3 Rbd8 17.Qe1 Qa6 18.Bb2 Bd5 19.Bxd5 Nxd5 20.c4 Nc7 21.Nc3 f5 22.Rd1 e4
23.Qe2 Ne6 24.Nd5 Qxa2 25.Rd2 Qxb3 26.Nf6+ Bxf6 27.Bxf6 Rd3 28.Rc1 Nc5 29.Rb2 Qa3
30.Rcb1 Qa6 31.Rb5 Qxf6 32.Rxc5 Qd4 33.Rc7 e3 34.Kh1 Rd2 35.Qf3 exf2 36.Rf1 Re1
37.Rc8+ Kg7 38.Kg2 Rxf1 39.Qd1  0-1

[Event "XXI Carlos Torre"]
[Site "Merida MEX"]
[Date "2008.12.13"]
[Round "1"]
[White "Alayola Montanez,J"]
[Black "Alvarez Pedraza,A"]
[Result "0-1"]
[WhiteElo "2120"]
[BlackElo "2466"]

1.e4 g6 2.d4 Bg7 3.Nc3 d6 4.f4 Nf6 5.Nf3 c5 6.dxc5 Qa5 7.Bd3 Qxc5 8.Qe2 Nc6
9.Be3 Qa5 10.O-O Bg4 11.h3 Bxf3 12.Qxf3 O-O 13.g4 h6 14.Bc4 Rac8 15.Bb3 b5
16.Rad1 b4 17.Ne2 Qb5 18.Nd4 Nxd4 19.Bxd4 a5 20.e5 Ne8 21.Qd3 Qxd3 22.Rxd3 dxe5
23.fxe5 Nc7 24.Rdf3 Nb5 25.Bb6 e6 26.Rxf7 Rc6 27.Rxf8+ Bxf8 28.Bxa5 Nd4 29.c3 bxc3
30.bxc3 Ne2+ 31.Kg2 g5 32.Bb4 Nf4+ 33.Kh2 Bg7 34.Re1 Nd3 35.Re3 Nxe5 36.c4 Kf7
37.c5 Ng6 38.Kg2 Ke7 39.Kf1 Bd4 40.Rd3 e5 41.Bd5 Rf6+ 42.Ke1 Nf4 43.c6+ Kd8
44.Ba5+ Kc8 45.Rxd4 exd4 46.Bf3  0-1

[Event "XXI Carlos Torre"]
[Site "Merida MEX"]
[Date "2008.12.15"]
[Round "4"]
[White "Gomez Garrido,C"]
[Black "Almeida Quintana,O"]
[Result "0-1"]
[WhiteElo "2454"]
[BlackElo "2519"]

1.e4 g6 2.d4 Bg7 3.Nc3 d6 4.Be3 a6 5.a4 Nc6 6.Nge2 Nf6 7.h3 e5 8.d5 Ne7 9.g4 c6
10.dxc6 bxc6 11.a5 Be6 12.Ng3 d5 13.Bb6 Qd6 14.Na4 Nd7 15.c3 O-O 16.Rg1 Nxb6
17.Nxb6 Ra7 18.Bd3 f5 19.gxf5 gxf5 20.Bc2 Kh8 21.Qd2 Bg8 22.exf5 Bh6 23.Qd1 e4
24.Qd4+ Qf6 25.Qxf6+ Rxf6 26.f3 Nxf5 27.fxe4 Ne3 28.Bd3 Rg7 29.Ke2 Rgf7 30.Nh1 dxe4
31.Bxa6 Ra7 32.Bc8 Bb3 33.Nf2 Bc2 34.Nd7 Rf5 35.a6 Nc4 36.Rg4 Nd6 37.Bb7 Bb3
38.Nb6 Nxb7 39.axb7 Rxb7 40.Ra8+ Rf8 41.Rxf8+ Bxf8 42.Na8 Ra7 43.Nb6 Bc5
44.Nc8 Bc4+ 45.Ke1 Ra1+ 46.Nd1 Bb3 47.Rxe4 Rxd1+ 48.Ke2 Rd8 49.Nb6 Bxb6 50.Rb4 Bd1+  0-1

[Event "15th Croatian Open A"]
[Site "Zadar CRO"]
[Date "2008.12.15"]
[Round "2"]
[White "Armanda,I"]
[Black "Chatalbashev,B"]
[Result "0-1"]
[WhiteElo "2323"]
[BlackElo "2579"]

1.e4 g6 2.d4 Bg7 3.Nc3 d6 4.Nf3 Nf6 5.Be2 O-O 6.O-O c6 7.a4 Qc7 8.h3 e5 9.dxe5 dxe5
10.Bc4 Nh5 11.Be3 Nf4 12.Qb1 Be6 13.Qa2 Na6 14.Bxe6 Nxe6 15.Qc4 Qe7 16.Rfd1 Qb4
17.Qxb4 Nxb4 18.Rd2 f5 19.Ng5 Nd4 20.Bxd4 exd4 21.Na2 Nxa2 22.Rxa2 Rae8 23.exf5 Re1+
24.Kh2 Be5+ 25.g3 Rxf5 26.h4 h6 27.Nh3 c5 28.a5 Bc7 29.Kg2 Rd5 30.Ng1 Kf7
31.Nf3 Rb1 32.Rd3 Rc1 33.b3 a6 34.Rd2 g5 35.hxg5 hxg5 36.Re2 g4 37.Nh2 c4
38.bxc4 Rxa5 39.Rb2 b6 40.Nxg4 Rc5 41.Rd2 Rxc4 42.Rxb6 Bxb6 43.Ne5+ Ke6 44.Nxc4 Bc5
45.Na5 Bb6 46.Rxd4 Bxa5 47.Ra4 Bc3 48.Rxa6+ Kd5 49.Ra2 Bd4 50.Ra3 Rxc2 51.Rf3 Ke4
52.g4 Rc6 53.Rf7 Be5 54.Rf5 Bf4 55.Rf7 Re6 56.Rf8 Bd6 57.Rf7 Rh6 58.Rd7 Be5
59.Rf7 Rh2+ 60.Kf1 Bf4 61.Ke2 Rg2 62.Ra7 Be5 63.Rf7 Rg1 64.f3+ Kd5 65.f4 Ke6
66.Rf5 Bc7 67.Kf3 Bd6 68.Rh5 Rf1+ 69.Ke3 Bxf4+ 70.Ke4 Bc1 71.Re5+ Kd6 72.Rd5+ Kc6
73.Rd3 Bh6 74.Rf3 Re1+ 75.Kf5 Kd6 76.Kg6 Be3 77.g5 Bd4 78.Kf7 Re7+ 79.Kg6 Ke6
80.Ra3 Re8 81.Ra6+ Ke7 82.Ra4 Rd8 83.Kh7 Ke6 84.Kg6 Rg8+ 85.Kh7 Rd8 86.Kg6 Rd7
87.Ra6+ Ke5 88.Ra5+ Kf4 89.Kh6 Rd8 90.Ra4 Kf5 91.Ra5+ Be5 92.Ra7 Rd1 93.Rf7+ Kg4
94.Rf2 Bf4 95.Rg2+ Kf5 96.Rf2 Rh1+ 97.Kg7 Kxg5 98.Kf7 Kf5 99.Ke7 Rh7+ 100.Kd8 Ke5
101.Re2+ Kd6 102.Kc8 Rc7+ 103.Kb8 Kd7 104.Ka8 Bd6 105.Rd2 Kc6 106.Rc2+ Bc5
107.Rb2 Rh7 108.Rb1 Rh2  0-1

[Event "XXI Carlos Torre"]
[Site "Merida MEX"]
[Date "2008.12.16"]
[Round "6"]
[White "Marrero Lopez,Yan"]
[Black "Alvarez Pedraza,A"]
[Result "0-1"]
[WhiteElo "2260"]
[BlackElo "2466"]

1.e4 g6 2.d4 Bg7 3.Nc3 d6 4.f4 a6 5.Nf3 b5 6.Be3 Bb7 7.Bd3 b4 8.Ne2 Nf6 9.Ng3 h5
10.e5 Ng4 11.Bd2 a5 12.h3 Nh6 13.e6 fxe6 14.Bxg6+ Kd7 15.Qe2 Qg8 16.Qd3 Ba6
17.Qe4 d5 18.Qe3 Bf6 19.Ng5 h4 20.Nf1 Qxg6 21.Qxe6+ Ke8 22.Qxd5 c6 23.Qxa5 Bxd4
24.O-O-O c5 25.Bxb4 Nc6 26.Qb6 Bxf1 27.Rhxf1 Rb8 28.Qc7 Rxb4 29.Qc8+ Nd8
30.Rd3 Nf7  0-1

[Event "XXI Carlos Torre KO"]
[Site "Merida MEX"]
[Date "2008.12.17"]
[Round "1.2"]
[White "Geetha Narayanan,G"]
[Black "Almeida Quintana,O"]
[Result "1/2-1/2"]
[WhiteElo "2548"]
[BlackElo "2519"]

1.e4 g6 2.d4 Bg7 3.Nc3 d6 4.Be3 a6 5.a4 b6 6.Bc4 Bb7 7.Nge2 Nf6 8.f3 d5 9.exd5 Nxd5
10.Nxd5 Bxd5 11.Qd3 O-O 12.O-O  1/2-1/2

[Event "XXI Carlos Torre KO"]
[Site "Merida MEX"]
[Date "2008.12.17"]
[Round "1.4"]
[White "Geetha Narayanan,G"]
[Black "Almeida Quintana,O"]
[Result "1-0"]
[WhiteElo "2548"]
[BlackElo "2519"]

1.e4 g6 2.d4 Bg7 3.Nc3 d6 4.Be3 a6 5.Qd2 b5 6.f3 Nd7 7.h4 h6 8.a4 b4 9.Nd1 c5
10.c3 bxc3 11.bxc3 Rb8 12.Bd3 Qa5 13.Ne2 e6 14.O-O Ne7 15.Nf2 h5  1-0

[Event "Masters"]
[Site "Berkeley USA"]
[Date "2008.12.19"]
[Round "6"]
[White "Naroditsky,D"]
[Black "Evans,Be"]
[Result "1-0"]
[WhiteElo "2382"]
[BlackElo "2258"]

1.d4 g6 2.e4 Bg7 3.Nc3 d6 4.Nf3 a6 5.a4 Nd7 6.Bg5 h6 7.Bh4 g5 8.Bg3 e6 9.h3 Ne7
10.Bc4 b6 11.Qe2 Bb7 12.Rd1 Ng6 13.Qe3 Qe7 14.O-O Nf6 15.e5 Nh5 16.exd6 cxd6
17.d5 Nxg3 18.fxg3 Rc8 19.Qd3 Bxc3 20.bxc3 e5 21.Nd2 e4 22.Qxe4 Qxe4 23.Nxe4 Ke7
24.Rde1 Ne5 25.Bb3 f5 26.Rxf5 Rcf8 27.Nxd6 Kxd6 28.Rfxe5 Bc8 29.Re7 Rf6 30.Ra7 Rd8
31.Ree7 Rdf8 32.Rec7 Rf1+ 33.Kh2 g4 34.Rc6+ Ke5 35.Re7+ Kf5 36.Bc4 Rd1 37.Bd3+  1-0

[Event "8th Amplico AIG Life Rapid"]
[Site "Warsaw POL"]
[Date "2008.12.20"]
[Round "6"]
[White "Zdebskaja,N"]
[Black "Mista,A"]
[Result "1/2-1/2"]
[WhiteElo "2419"]
[BlackElo "2559"]

1.e4 g6 2.d4 Bg7 3.Nc3 d6 4.f4 Nf6 5.Nf3 O-O 6.Bd3 Na6 7.O-O Nb4 8.e5 Ne8
9.Bc4 Bf5 10.Bb3 dxe5 11.fxe5 c6 12.Nh4 e6 13.Nxf5 exf5 14.a3 Nd5 15.Nxd5 cxd5
16.Qf3 Nc7 17.c3 Qd7 18.a4 Rad8 19.Bg5 f6 20.exf6 Bxf6 21.Bf4 Ne6 22.Rae1 Rfe8
23.Be5 Bxe5 24.Rxe5 Nc7 25.Rfe1 Rxe5 26.Rxe5 Qd6 27.h3 Rd7 28.Qe3 Kg7 29.a5 b6
30.axb6 axb6 31.Bc2 Qf6 32.Qg3 Kf8 33.Qf4 Re7 34.g4 Rxe5 35.dxe5 Qh4 36.Kg2 Ne6
37.Qg3 Qxg3+ 38.Kxg3 fxg4 39.hxg4 d4 40.cxd4 Nxd4 41.Bd3 Ke7 42.Kf4 Ne6+
43.Ke3 h5 44.gxh5 gxh5 45.Kf3 Nc5 46.Bc4 Nd7 47.Kf4 h4 48.Bf1 Nc5 49.b4 Ne6+
50.Kg4 Nd4 51.Bc4 Nc2 52.Kxh4 Nxb4 53.Kg4 Nc2 54.Kf4 Nd4  1/2-1/2

[Event "8th Amplico AIG Life Rapid"]
[Site "Warsaw POL"]
[Date "2008.12.20"]
[Round "8"]
[White "Vitiugov,N"]
[Black "Butkiewicz,L"]
[Result "1-0"]
[WhiteElo "2638"]
[BlackElo "2328"]

1.e4 d6 2.d4 g6 3.Nc3 Bg7 4.Nge2 Nf6 5.g3 O-O 6.Bg2 e5 7.O-O Nbd7 8.h3 Re8
9.Re1 c6 10.a4 b6 11.Be3 Ba6 12.Qd2 Qc7 13.Rad1 Rad8 14.g4 Bxe2 15.Rxe2 exd4
16.Bxd4 Nc5 17.Ree1 a5 18.f4 d5 19.exd5 Rxe1+ 20.Qxe1 Nxd5 21.Bxg7 Kxg7 22.Bxd5 cxd5
23.Nxd5 Qd6 24.Qc3+ f6 25.g5 Ne4 26.gxf6+ Nxf6 27.Rd3 Qc5+ 28.Qxc5 bxc5 29.Nxf6 Rxd3
30.Ne8+ Kf7 31.cxd3 Kxe8 32.Kf2 Ke7 33.Ke3 Ke6 34.Ke4 h6 35.d4 cxd4 36.Kxd4 Kd6
37.Kc4 Kc6 38.b4  1-0

[Event "TCh-HUN 2008-9"]
[Site "Budapest HUN"]
[Date "2008.12.21"]
[Round "4"]
[White "Pinter,G"]
[Black "Parkanyi,A"]
[Result "0-1"]
[WhiteElo "2355"]
[BlackElo "2361"]

1.e4 g6 2.d4 Bg7 3.Nc3 d6 4.Be3 a6 5.Qd2 b5 6.f3 Nd7 7.a4 b4 8.Nd1 a5 9.c3 bxc3
10.bxc3 c6 11.Bd3 Ba6 12.Ne2 Bxd3 13.Qxd3 Ngf6 14.O-O O-O 15.Nf2 Qc7 16.Rab1 Rfb8
17.Qc4 Rb7 18.Ng4 Nxg4 19.fxg4 e6 20.Bf4 Rab8 21.Qa2 Rxb1 22.Rxb1 Rxb1+ 23.Qxb1 e5
24.Be3 exd4 25.cxd4 Qb6 26.Qxb6 Nxb6 27.Bd2 Nxa4 28.Bxa5 c5 29.d5 Kf8 30.Kf2 Ke7
31.h3 Kd7 32.Bd2 Nb2 33.Bg5 Kc7 34.Ke3 Kb6 35.Bf4 Kb5 36.Kd2 Kb4 37.Kc2 Nc4
38.Nc1 Na3+ 39.Kd3 c4+ 40.Kd2 Nb5 41.Kc2 Kc5 42.Be3+ Bd4 43.Bh6 Nc3  0-1

[Event "8th Amplico AIG Life Rapid"]
[Site "Warsaw POL"]
[Date "2008.12.21"]
[Round "10"]
[White "Galazewski,T"]
[Black "Tahirov,F"]
[Result "1-0"]
[WhiteElo "2245"]
[BlackElo "2452"]

1.e4 d6 2.d4 g6 3.Nc3 Bg7 4.Nge2 Nc6 5.Be3 e5 6.Qd2 b5 7.d5 Nce7 8.Nxb5 Bd7
9.Qa5 Bxb5 10.Qxb5+ Kf8 11.Qc4 f5 12.exf5 gxf5 13.f4 Nf6 14.Nc3 Rb8 15.Be2 Rxb2
16.fxe5 dxe5 17.Bc5 Ke8 18.O-O Rxc2 19.Qa4+ Nd7 20.Bxe7 Qxe7 21.Qxc2 e4 22.Rac1 Bd4+
23.Kh1 Qh4 24.Rxf5 Nf6 25.Rxf6 Qxf6 26.Qxe4+ Kd8 27.Nb5 Be5 28.Nxa7 Re8 29.Nc6+ Kd7
30.Bg4+ Kd6 31.Qb4+ Kxd5 32.Qc4+  1-0

[Event "Masters"]
[Site "Berkeley USA"]
[Date "2008.12.23"]
[Round "10"]
[White "Rensch,D"]
[Black "Evans,Be"]
[Result "1/2-1/2"]
[WhiteElo "2354"]
[BlackElo "2258"]

1.e4 g6 2.d4 Bg7 3.Nc3 d6 4.Bg5 Nc6 5.d5 Ne5 6.f4 Nd7 7.Nf3 c6 8.Qd2 cxd5
9.Nxd5 Nb6 10.O-O-O Bg4 11.h3 Bxf3 12.Bb5+ Kf8 13.gxf3 Rc8 14.Rhe1 Rc5 15.Qb4 Nxd5
16.Rxd5 Qb6 17.Rxc5 dxc5 18.Qb3 f6 19.Bh4 Bh6 20.Bg3 a6 21.Bd7 Qc7 22.Be6 Bxf4+
23.Bxf4 Qxf4+ 24.Kb1 Qd2 25.Rc1 Nh6 26.Qxb7 Qd6 27.Bc4 a5 28.Qa8+ Kg7 29.Qxa5 Rb8
30.Qc3 Nf7 31.Bxf7 Kxf7 32.b3 Rb4 33.Kb2 Rd4 34.Re1 e5 35.Re3 c4 36.Qa5 Kg7
37.Rc3 Kh6 38.Qa3 Qb6 39.Qe7 cxb3 40.axb3 Rd1 41.Rc7 Qd4+ 42.c3 Qf2+ 43.Ka3 Ra1+
44.Kb4 Qb6+ 45.Kc4 Qa6+ 46.Kb4 Qb6+  1/2-1/2

[Event "Open A"]
[Site "Groningen NED"]
[Date "2008.12.23"]
[Round "3"]
[White "Heredia Serrano,C"]
[Black "Pel,B"]
[Result "0-1"]
[WhiteElo "2105"]
[BlackElo "2324"]

1.e4 d6 2.d4 g6 3.Nc3 Bg7 4.f4 a6 5.Nf3 b5 6.Bd3 Nd7 7.e5 c5 8.Be4 Rb8 9.O-O cxd4
10.Nxd4 dxe5 11.Nc6 Qb6+ 12.Kh1 Ngf6 13.Nxb8 Qxb8 14.fxe5 Nxe5 15.Bf4 O-O
16.Bf3 b4 17.Qe2 Nh5 18.Bxh5 bxc3 19.bxc3 gxh5 20.Rae1 Bg4 21.Qxa6 f6 22.Bxe5 fxe5
23.Qc4+ Kh8 24.Rxf8+ Qxf8 25.Rf1 Bf6 26.h3 Bd7 27.Rd1 Bf5 28.Qc7 Qf7 29.Qb8+ Kg7
30.Rd2 Qxa2 31.Rf2 Be6 32.Qb4 Qd5 33.Rf3 Qd1+ 34.Kh2 h4 35.Rxf6 exf6 36.Qxh4 Qxc2
37.Qg3+ Qg6 38.Qe3 Qg5 39.Qa7+ Kg6 40.Qa8 Qf4+ 41.Kg1 e4 42.Qe8+ Bf7 43.Qa4 h5
44.Qd4 h4 45.c4 Qc1+ 46.Kh2 Qxc4 47.Qf2 Qc7+ 48.Kh1 Qc1+ 49.Kh2 Qg5 50.Qc2 Qe5+
51.Kh1 f5 52.Qf2 e3 53.Qe2 Bd5 54.Qa6+ Qe6 55.Qe2 Qe4 56.Qa6+ Bc6 57.Qe2 Qxg2+
58.Qxg2+ Bxg2+ 59.Kxg2 f4  0-1

[Event "1st Asian Clubs"]
[Site "Al Ain UAE"]
[Date "2008.12.26"]
[Round "2"]
[White "Mehdi,S"]
[Black "Shobaita,T"]
[Result "1-0"]
[WhiteElo "2153"]
[BlackElo "2169"]

1.e4 g6 2.d4 Bg7 3.Nc3 d6 4.Be3 Nf6 5.f3 O-O 6.Qd2 e5 7.Nge2 Nc6 8.O-O-O exd4
9.Nxd4 Nxd4 10.Bxd4 Be6 11.g4 Nd7 12.Bxg7 Kxg7 13.h4 h6 14.Be2 a6 15.f4 f6
16.Rdg1 g5 17.hxg5 fxg5 18.fxg5 Qxg5 19.Qxg5+ hxg5 20.Rh5 Kg6 21.e5 Nxe5
22.Ne4 Nf3 23.Rg3 Bxg4 24.Bxf3 Bxh5 25.Rxg5+ Kh6 26.Rxh5+ Kg6 27.Rg5+ Kh6
28.Rg3 Rae8 29.Bg2 d5 30.Nc5 Rf2 31.Nd3 Rf5 32.Kd2 c6 33.Bf3 d4 34.Be2 c5
35.Rg4 b6 36.Nf4 b5 37.Rg6+ Kh7 38.Bd3 Rfe5 39.Rxa6+ Kg7 40.Bxb5 Rb8 41.Rg6+ Kf7
42.Bc4+ Ke7 43.Rg8 Rxg8 44.Bxg8 Rg5 45.Bc4  1-0

[Event "5th Open"]
[Site "Vandoeuvre les Nancy FRA"]
[Date "2008.12.26"]
[Round "1"]
[White "Schmid,Pab"]
[Black "Haub,TM"]
[Result "0-1"]
[WhiteElo "2095"]
[BlackElo "2454"]

1.d4 g6 2.e4 Bg7 3.Nc3 d6 4.f4 a6 5.Nf3 e6 6.Bd3 Ne7 7.O-O O-O 8.Qe1 b6 9.Qh4 Nec6
10.Qh3 Nxd4 11.Nxd4 Bxd4+ 12.Kh1 f5 13.exf5 gxf5 14.Ne2 Bg7 15.Rf3 Nd7 16.Rg3 c5
17.Qh6 Qf6 18.Rxg7+ Qxg7 19.Qxe6+ Qf7 20.Qxd6 c4 21.Qc6 cxd3 22.Qxa8 dxe2
23.Be3 Nf6 24.Qf3 Qd5 25.Qxe2 Re8 26.Qd2 Qxd2 27.Bxd2 Re2 28.Rd1 Bb7 29.Bc3 Nd5  0-1

[Event "1st Asian Clubs"]
[Site "Al Ain UAE"]
[Date "2008.12.28"]
[Round "4"]
[White "Gundavaa,B"]
[Black "Dzhumaev,M"]
[Result "1-0"]
[WhiteElo "2458"]
[BlackElo "2540"]

1.e4 g6 2.d4 Bg7 3.Nc3 d6 4.Nf3 Nf6 5.Be2 O-O 6.O-O c6 7.Re1 Nbd7 8.Bf4 Qa5
9.e5 dxe5 10.dxe5 Nd5 11.Nxd5 cxd5 12.c3 Nb8 13.b4 Qd8 14.Qd2 Nc6 15.Rad1 Be6
16.Bh6 Qc7 17.Bxg7 Kxg7 18.Qf4 Rac8 19.h4 f6 20.exf6+ Rxf6 21.Qe3 Bg8 22.Bb5 e6
23.Bxc6 bxc6 24.Ne5 Rcf8 25.Nd3 Qb6 26.Qe5 Qb8 27.Qd4 h6 28.Ne5 Rf4 29.Qd3 Qe8
30.Qe3 Qe7 31.g3 Re4 32.Qd3 Qf6 33.f4 Rxe1+ 34.Rxe1 Qf5 35.Qxf5 gxf5 36.Nxc6 Rc8
37.b5 Rc7 38.a4 Bf7 39.a5 Rb7 40.b6  1-0

[Event "Masters"]
[Site "Hastings ENG"]
[Date "2008.12.28"]
[Round "1"]
[White "McDonnell,J"]
[Black "Mitchell,M"]
[Result "1-0"]
[WhiteElo "2041"]
[BlackElo "2169"]

1.e4 g6 2.d4 Bg7 3.Nc3 d6 4.f4 a6 5.Nf3 b5 6.Be3 Bb7 7.Bd3 Nd7 8.Ne2 Ngf6
9.Ng3 O-O 10.c3 e5 11.dxe5 Ng4 12.Bg1 dxe5 13.f5 Qe7 14.Qe2 Nc5 15.Bc2 Rad8
16.h3 Nh6 17.b4 Nd7 18.Be3 c5 19.a3 cxb4 20.cxb4 Rc8 21.Bb3 Rc3 22.Rb1 Rfc8
23.Bd2 R3c7 24.fxg6 hxg6 25.O-O Nb6 26.Bg5 Qe8 27.Qe3 Nc4 28.Bxc4 Rxc4 29.Bxh6 Rc3
30.Qb6 Bxh6 31.Qxb7 Bf4 32.Ne2 R3c6 33.Qa7 R8c7 34.Qf2 Rc2 35.Qe1 Be3+ 36.Kh1 R7c4
37.Qd1 Qe6 38.Qd3 Bh6 39.Rbd1 Ra2 40.Neg1 Rcc2 41.Ne1 Rcb2 42.Qd8+ Kg7 43.Rd6 Qc4
44.Qf6+ Kg8 45.Rd8+ Bf8 46.Rd7 Qe6 47.Qxe6 fxe6 48.Rd8 Rf2 49.Rxf2 Rxf2 50.Nef3 Kg7
51.Ra8 Ra2 52.Ng5 Bd6 53.Rxa6 Bxb4 54.Rxe6 Rxa3 55.Rxe5 Ra5 56.N5f3 Kf6 57.Rd5 Bc3
58.Nd4 Ra4 59.e5+ Kg5 60.Nxb5 Bb2 61.Nd6 Ra1 62.Kh2 Bc1 63.Nf3+ Kf4 64.Rd4+ Ke3
65.Re4+ Kf2 66.e6 Ba3 67.Nc8 Rc1 68.e7 Bxe7 69.Nxe7 g5 70.Nxg5 Ra1 71.h4 Ra3
72.Rg4 Ra7 73.Ng6  1-0

[Event "Masters"]
[Site "Hastings ENG"]
[Date "2008.12.29"]
[Round "2"]
[White "Mohammed Abdul,M"]
[Black "Atako,C"]
[Result "0-1"]
[WhiteElo "2264"]
[BlackElo "2100"]

1.d4 d6 2.e4 g6 3.Nc3 Bg7 4.f4 Nf6 5.Nf3 c5 6.e5 Nfd7 7.Bb5 O-O 8.Be3 cxd4
9.Bxd4 dxe5 10.fxe5 Nc6 11.Bxc6 bxc6 12.e6 fxe6 13.Bxg7 Kxg7 14.Qe2 Nf6 15.Ng5 Qb6
16.Qe5 h6 17.Nge4 Qe3+  0-1

[Event "Christmas Master Open"]
[Site "Zurich SUI"]
[Date "2008.12.29"]
[Round "5"]
[White "Wyss,J"]
[Black "Gasthofer,A"]
[Result "1/2-1/2"]
[WhiteElo "2211"]
[BlackElo "2452"]

1.e4 g6 2.d4 Bg7 3.Nc3 d6 4.f4 Nc6 5.Be3 Nf6 6.Nf3 d5 7.e5 Ng4 8.Bg1 h5 9.h3 Nh6
10.Bf2 Bf5 11.Be2 Qd7 12.a3 Nd8 13.Nh4 c6 14.Bf3 Ne6  1/2-1/2

[Event "1st Asian Clubs"]
[Site "Al Ain UAE"]
[Date "2008.12.31"]
[Round "7"]
[White "Kurukulasuriya,P"]
[Black "Shobaita,T"]
[Result "1-0"]
[WhiteElo "2092"]
[BlackElo "2169"]

1.e4 g6 2.d4 Bg7 3.Nc3 d6 4.Be3 Nf6 5.Qd2 O-O 6.f3 a6 7.g4 Nbd7 8.O-O-O c5
9.dxc5 dxc5 10.Bxc5 b6 11.Be3 Bb7 12.g5 Nxe4 13.Nxe4 Ne5 14.Qxd8 Rfxd8 15.Rxd8+ Rxd8
16.Be2 b5 17.Nh3 Rc8 18.Nhf2 Nc4 19.Bxc4 Rxc4 20.Rd1 Rc8 21.Rd7 Bxe4 22.Nxe4 e6
23.Nf6+ Bxf6 24.gxf6 Kf8 25.Bh6+ Ke8 26.Re7+ Kd8  1-0

[Event "Masters"]
[Site "Hastings ENG"]
[Date "2009.01.01"]
[Round "5"]
[White "Howell,D"]
[Black "Rudd,J"]
[Result "1-0"]
[WhiteElo "2593"]
[BlackElo "2344"]

1.e4 d6 2.d4 g6 3.Nc3 Bg7 4.f4 Nf6 5.Nf3 O-O 6.Be3 Nbd7 7.Bc4 c6 8.e5 Ng4
9.Qd2 b5 10.Bb3 Nb6 11.Ne4 a5 12.a3 a4 13.Ba2 Be6 14.Bxe6 fxe6 15.Bg1 Nc4
16.Qe2 Qd7 17.Nfd2 h5 18.h3 Nh6 19.Nxc4 bxc4 20.Be3 c5 21.dxc5 d5 22.Ng5 Nf5
23.Bf2 h4 24.Qg4 Rab8 25.Nf3 Qe8 26.O-O Rxb2 27.Nd4 Nxd4 28.Bxd4 Rxc2 29.Qd1  1-0

[Event "Masters"]
[Site "Hastings ENG"]
[Date "2009.01.01"]
[Round "5"]
[White "Ledger,D"]
[Black "Young,C"]
[Result "1-0"]
[WhiteElo "2254"]
[BlackElo "2072"]

1.e4 d6 2.d4 g6 3.Nc3 Bg7 4.f4 Nf6 5.Nf3 O-O 6.Bd3 c5 7.dxc5 dxc5 8.e5 Ng4
9.h3 Nh6 10.Be3 Nd7 11.g4 b6 12.Be4 Rb8 13.Qd2 e6 14.O-O-O Qe7 15.Bc6 Rd8
16.f5 Nxf5 17.gxf5 exf5 18.Bg5 f6 19.exf6 Bxf6 20.Nd5  1-0

[Event "Australian Open"]
[Site "Manly Sydney AUS"]
[Date "2009.01.02"]
[Round "1"]
[White "Chapman,M AUS"]
[Black "Wan,D"]
[Result "1-0"]
[WhiteElo "2402"]
[BlackElo "1930"]

1.e4 d6 2.d4 g6 3.Nc3 Bg7 4.Be3 Nd7 5.Qd2 e5 6.Nf3 b6 7.Bc4 exd4 8.Nxd4 Bb7
9.O-O-O Ngf6 10.Bh6 O-O 11.Bxg7 Kxg7 12.Rhe1 a6 13.Bf1 Re8 14.f3 Nc5 15.e5 dxe5
16.Nf5+ Kh8 17.Qh6 Ncd7  1-0

[Event "Hilton Schachfestival"]
[Site "Basel SUI"]
[Date "2009.01.04"]
[Round "7"]
[White "Jaeggi,D"]
[Black "Rukavina,J"]
[Result "0-1"]
[WhiteElo "2220"]
[BlackElo "2417"]

1.e4 g6 2.d4 Bg7 3.Nc3 d6 4.f4 c6 5.Nf3 Bg4 6.Be3 Qb6 7.Qd2 Nf6 8.O-O-O d5
9.h3 Bxf3 10.gxf3 e6 11.f5 exf5 12.exf5 Nbd7 13.fxg6 hxg6 14.Bd3 O-O-O 15.Kb1 Nh5
16.f4 Rde8 17.Na4 Qc7 18.f5 g5 19.Rhg1 Ng3 20.Bf2 Ne4 21.Bxe4 dxe4 22.h4 e3
23.Bxe3 Rxh4 24.Bf2 Rh2 25.Rge1 Rg8 26.Qe3 Qf4 27.Qxf4 gxf4 28.Bg1 Rh1 29.d5 cxd5
30.Bxa7 Rxe1 31.Rxe1 Be5 32.c3 f6 33.Nc5 Nxc5 34.Bxc5 Kd7 35.Re2 Rg5 36.Kc2 Rxf5
37.Kd3 Rh5 38.Bd4 Rh3+ 39.Kd2 Ke6 40.Bg1 Kf5 41.Rh2 Rxh2+ 42.Bxh2 Ke4 43.Bg1 Kf3
44.Ke1 Kg2 45.Bf2 f3 46.a4 Bh2  0-1

[Event "TCh-BEL 2008-9"]
[Site "Belgium BEL"]
[Date "2009.01.04"]
[Round "6"]
[White "Feygin,M"]
[Black "Cekro,E"]
[Result "1-0"]
[WhiteElo "2569"]
[BlackElo "2419"]

1.e4 d6 2.d4 g6 3.Nc3 Bg7 4.Bg5 h6 5.Bh4 c6 6.Qd2 b5 7.f4 Nf6 8.Bd3 a6 9.Nf3 Bg4
10.O-O-O Nfd7 11.e5 dxe5 12.dxe5 Nc5 13.Qe3 Nbd7 14.Ne4 Qb6 15.Bf2 Nxd3+
16.Qxd3 Qc7 17.Qa3 a5 18.Bh4 b4 19.Qe3 Qb6 20.Rd4 c5 21.Rd3 g5 22.fxg5 Bxf3
23.Nf6+ Bxf6 24.exf6  1-0

[Event "TCh-BEL 2008-9"]
[Site "Belgium BEL"]
[Date "2009.01.04"]
[Round "6"]
[White "Polaczek,R"]
[Black "Safranska,A"]
[Result "1-0"]
[WhiteElo "2419"]
[BlackElo "2314"]

1.d4 d6 2.e4 g6 3.Nc3 Bg7 4.Be3 c6 5.Qd2 Nd7 6.f4 Ngf6 7.Nf3 d5 8.e5 Ng4
9.h3 Nxe3 10.Qxe3 f6 11.h4 fxe5 12.fxe5 Nf8 13.h5 h6 14.hxg6 Nxg6 15.Bd3 Nf8
16.Ne2 Bg4 17.Nf4 Qa5+ 18.c3 O-O-O 19.Nh2 Bd7 20.Qg3 Rg8 21.O-O Kb8 22.Nh5 Ne6
23.Bh7 Rh8 24.Bf5 Bf8 25.Qg4 Ng7 26.Nxg7 Rg8 27.Bxd7 Rxg7 28.Qf4  1-0

[Event "Christmas Rapid"]
[Site "Mukachevo UKR"]
[Date "2009.01.04"]
[Round "6"]
[White "Pavlov,S2"]
[Black "Polishchuk,O"]
[Result "1-0"]
[WhiteElo "2443"]
[BlackElo "2250"]

1.e4 g6 2.d4 Bg7 3.Nc3 d6 4.f4 Nf6 5.Nf3 O-O 6.Bd3 c5 7.d5 a6 8.a4 e6 9.dxe6 Bxe6
10.O-O Nc6 11.f5 Bd7 12.Bg5 c4 13.Bxc4 Qb6+ 14.Kh1 Qxb2 15.Qd2 Qb4 16.Bxf6 Bxf6
17.Nd5 Qxd2 18.Nxf6+ Kg7 19.Nh5+ gxh5 20.Nxd2 Ne5 21.Bb3 Rac8 22.Nf3 Ng4
23.Nd4 Nf6 24.Rae1 Rfe8 25.Rf4 Rc5 26.Nf3 Bc6 27.Ng5 Re7 28.Bxf7 h6 29.Ne6+ Kxf7
30.Nxc5 dxc5 31.e5  1-0

[Event "14th Open"]
[Site "Bosnjaci CRO"]
[Date "2009.01.07"]
[Round "7"]
[White "Vranjic,M"]
[Black "Kljako,D"]
[Result "0-1"]
[WhiteElo "1858"]
[BlackElo "2159"]

1.e4 g6 2.d4 Bg7 3.Nc3 d6 4.f4 Nf6 5.Nf3 O-O 6.Bd3 c5 7.d5 e6 8.dxe6 fxe6
9.Be3 Ng4 10.Bd2 d5 11.e5 c4 12.h3 Nxe5 13.fxe5 cxd3 14.O-O Nc6 15.Qe1 dxc2
16.Bg5 Qb6+ 17.Kh1 Nxe5  0-1

[Event "Bela Perenyi Mem"]
[Site "Budapest HUN"]
[Date "2009.01.08"]
[Round "1"]
[White "Rajcsanyi,P"]
[Black "Simonyi,Z"]
[Result "0-1"]
[WhiteElo "1959"]
[BlackElo "2226"]

1.e4 g6 2.d4 Bg7 3.Nc3 d6 4.Nf3 Bg4 5.Be2 Nc6 6.Be3 e5 7.d5 Bxf3 8.Bxf3 Nd4
9.Bxd4 exd4 10.Nb5 c5 11.O-O a6 12.Na3 b5 13.g3 h5 14.Qe1 h4 15.Bg2 Nh6 16.e5 dxe5
17.d6 Ra7 18.Bc6+ Kf8 19.d7 Nf5 20.c4 b4 21.Nc2 d3 22.Nxb4 cxb4 23.Qxb4+ Kg8
24.Rad1 hxg3 25.hxg3 Nd4 26.Ba4 Bf8 27.c5 Nf3+ 28.Kg2 Qa8 29.c6 Bxb4 30.Rxd3 Nd4
31.f4 Rxd7 32.fxe5 Nxc6  0-1

[Event "Bela Perenyi Mem"]
[Site "Budapest HUN"]
[Date "2009.01.09"]
[Round "2"]
[White "Somogyi,I"]
[Black "Ablonczy,K"]
[Result "1-0"]
[WhiteElo "2224"]
[BlackElo "1888"]

1.d4 g6 2.e4 d6 3.Nc3 Bg7 4.f4 e6 5.Nf3 Ne7 6.Be3 O-O 7.Qd2 Nd7 8.Be2 Nb6
9.g4 f5 10.gxf5 exf5 11.e5 d5 12.h4 Be6 13.h5 gxh5 14.Ng5 Qd7 15.O-O-O h6
16.Rdg1 hxg5 17.Rxg5 Bf7 18.Rhg1 Qe8 19.Bb5 c6 20.Rxg7+ Kh8 21.Qg2 Rg8 22.Qg5  1-0